000 00254nam a22001097a 4500
082 _a621.38152 PRI
100 _aSHEA,R.F
_979515
245 _aPRINCIPLES OF TRANSISTOR CIRCUITS
260 _aUSA
_bJOHN WILEY & SONS
_c1953
300 _a535P
942 _cBK
999 _c584549
_d584549